000 00651nam a2200241 i 4500
001 C2-0084685
003 PPAK
005 20180727090118.0
008 970429s1985 enka|||| ||||| | eng d
020 _a070636368X
040 _aPPAK
_beng
_cPPAK
_erda
082 0 4 _a643.7
_223
090 0 0 _a643.7
_bGUN
_dG
090 0 0 _a643.7
_bGUN
_dR
100 1 _aGundrey, Walter,
_eauthor
245 1 0 _aPlumbing floors and flooring insulatin
264 1 _aLondon :
_bWard Lock ,
_c1985
300 _a128 pages :
_billustrations ;
_c22 cm
336 _2rdacontent
_atext
337 _2rdamedia
_aunmediated
338 _2rdacarrier
_avolume
942 _ddc
_cB
999 _c16637
_d16637